Countries by Second and Third Letter #5 - Statistics

General Stats
  • This quiz has been taken 2,906 times
    2,900 since last reset
  • The average score is 14 of 25
Answer Stats
Hint Answer % Correct
LO Slovakia
78%
LO Slovenia
78%
RA France
74%
HA Chad
67%
HA Thailand
67%
AT Latvia
66%
OM Somalia
66%
RA Brazil
65%
RA Iran
64%
OM Romania
64%
RA Iraq
61%
HA Ghana
58%
OM Dominica
56%
OM Comoros
54%
ON Honduras
54%
ON Mongolia
54%
OM Dom. Republic
53%
ON Tonga
53%
IE Liechtenstein
48%
IE Vietnam
48%
ON Monaco
43%
ON Montenegro
42%
IE Sierra Leone
36%
AT Qatar
32%
AT Vatican City
31%
No matching quizzes found
Score Distribution
Percent of People with Each Score
Percentile by Number Answered
Your Score History
You have not taken this quiz since the last reset